| 000 | 00704nas a2200253 4500 | ||
|---|---|---|---|
| 001 | BR8306077 | ||
| 003 | BR-BrBNA | ||
| 005 | 20231205085713.0 | ||
| 007 | ta | ||
| 008 | 230509b bl.|||p| |||| 00| 00por d | ||
| 040 |
_aBR-BrBNA _bpor _cBiblioteca Nacional de Agricultura |
||
| 041 | _a(Pt) | ||
| 072 | _aH10 | ||
| 100 | 1 | _aGridi-Papp, I.L. | |
| 100 | 1 | _aCarvalho, L.H. | |
| 245 | 1 | _aBicudo a nova praga [algodao, Sao Paulo] | |
| 650 | _aALGODAO | ||
| 650 | _aBICUDO | ||
| 650 | _aCONTROLE QUIMICO | ||
| 650 | _aCONTROLE CULTURAL | ||
| 773 | 0 |
_tGranja (Brazil) _xISSN 0367-505X _g(Jun 1983), v. 39(425) p. 73-75 _wBR8306077 |
|
| 909 |
_a202311 _bLúcia _c55 _dLúcia Elande |
||
| 942 |
_2AGRIS _n0 _cANA |
||
| 999 |
_c113209 _d113209 |
||